| 000 | 00495nam a2200181Ia 4500 | ||
|---|---|---|---|
| 005 | 20230316123008.0 | ||
| 008 | 131103s9999 xx 000 0 und d | ||
| 040 | _aLoreto College | ||
| 041 | _aEnglish | ||
| 082 |
_a891.44 _bPOD |
||
| 100 | _aPoddar, Arbinda | ||
| 245 |
_aAdhunik uponasye manobpratya o ananya probondhya _cArbinda Poddar |
||
| 260 |
_aCalcutta _bIndiana _c1962 |
||
| 300 | _a158p | ||
| 650 | _aBengali Literature - History and Criticism | ||
| 850 | _aLCLIB | ||
| 942 | _cBK | ||
| 999 |
_c20443 _d70922 |
||